000 00421nab a2200145Ia 4500
003 ES-SlBCS
005 20210601125009.0
008 140529s2002 xxu||||| |||| 00| 0 eng d
041 _aeng
100 1 _aAdler, Jonathan E.
_948870
245 0 0 _aConumdrums of Belief Self-Control
_c Jonathan E. Adler
650 0 4 _aCreencias
_9132397
773 0 _tMonist, the
_gvol. 85, nº. 3, 2002, págs. 456-467
_wRev1667
942 _cAR
999 _c523024
_d523024